| 000 | 00377nam a22001577a 4500 | ||
|---|---|---|---|
| 003 | OSt | ||
| 008 | 240702b |||||||| |||| 00| 0 eng d | ||
| 020 | _a9789353024888 | ||
| 082 |
_a332.1 _bRAI |
||
| 100 | _aRAJAN, Raghuram G | ||
| 245 | _aI Do What I Do | ||
| 260 |
_aIndia: _bHarper Collins, _c2018. |
||
| 300 | _axviii,343p. | ||
| 650 | _aGeneral Books | ||
| 942 |
_2ddc _cREF |
||
| 999 |
_c12777 _d12777 |
||